Wielki Quiz o Red Dead Redemption 2 (RDR2) - Statystyki

Ogólne statystyki
  • Ten quiz został rozwiązany 297 razy
  • Średni wynik to 14 z 18
Statystyki odpowiedzi
Pytanie Odpowiedź % Poprawnych
Protagonista w rozdziałach 1-6 Arthur Morgan
98%
Protagonista w epilogu oraz RDR1 w 1911 roku John Marston
97%
Przywódca gangu w których znajdowała się powyższa dwójka Dutch Van Der Linde
91%
Syn Johna Marstona Jack Marston
91%
Rok w którym rozgrywa się akcja rozdziałów 1-6 1899
88%
Żona Johna Marstona Abigail Roberts
88%
Rok w którym rozgrywa się epilog 1907
87%
Największe miasto w grze Saint Denis
86%
Mieszka z Marstonami w Beecher's Hope Wujek
84%
Kraj z którego pochodził Sean Macguire Irlandia
81%
Wyspa na którą trafiają niektórzy członkowie gangu w 5 rozdziale Guarma
80%
Górnicze miasteczko, leży w północno-wschodniej części mapy Annesburg
68%
Głowny antagonista w RDR1, poboczny w RDR2 Edgar Ross
66%
Ma charakterystycznego wąsa i wysoki kapelusz, członek gangu, często nie ma go w obozie, przypomina Strange Mana Josiah Trelawny
66%
Nazwa ostatniej misji rozdziału 6 Krew, Śmierć i Odkupienie
65%
Stan który można eksplorować tylko w epilogu New Austin
62%
Nazwa ostatniej misji epilogu Amerykański Jad
60%
Miasto oddalone najbardziej na zachód w RDR2 Tumbleweed
46%
Nie znaleziono quizów pasujących do podanych kryteriów
Rozkład punktacji
Procent ludzi z każdym wynikiem
Percentyl według liczby udzielonych odpowiedzi
Twoja historia wyników
Nie rozwiązałeś tego quizu